00298nam a22000977a 4500020001500000082001400015100004600029245004400075260004300119300003800162 a8125918655 222a620.1 aRajeskaran, s and Sankarasubramanian, G.  aFundamentals of engineering mechanics / aNew Delhi, bVikas Publishing,cc2005. axxiv, ind-2 p. ;bill. ;c23 cm.